000
00289nam a22001337a 4500
008
181217b xxu||||| |||| 00| 0 eng d
020
_a
088908151420
041
_a
eng
080
_a
038
100
_a
23
101
_a
FJA
245
_a
Crossword Dictionary
_c
Webster, M
942
_2
udc
_c
BK
999
_c
53266
_d
53266